| 000 | 03713nam a22004094a 4500 | ||
|---|---|---|---|
| 005 | 20100731151944.0 | ||
| 010 | _aB-406540-556 | ||
| 020 |
_a9788170356134 _c550.00 |
||
| 035 | _aB-406540-556 | ||
| 037 | _bDaya Publishing House | ||
| 082 | _a215 | ||
| 245 |
_aScience in Veda / _cedited by D.R. Khanna |
||
| 260 |
_aDelhi _bDaya Publishing House _c2009 |
||
| 270 |
_a1123/74, Deva Ram Park, Tri Nagar, _bDelhi _e110035 |
||
| 300 |
_aviii, 184p. _c24 cm(Hb) |
||
| 500 | _aContributed articles. Includes index. | ||
| 700 |
_aKhanna, D.K. _93535 |
||
| 942 |
_2ddc _cEN _mSCI _h215 |
||
| 999 |
_c35214 _d35214 |
||